| 000 | 01064cam a2200325 i 4500 | ||
|---|---|---|---|
| 999 |
_c329386 _d329386 |
||
| 001 | 2692655 | ||
| 003 | ASAB | ||
| 005 | 20170504113255.0 | ||
| 008 | 760609s1974 ii b 000 0 eng | ||
| 010 | _a 75301567 | ||
| 015 | _aS74-43 | ||
| 020 | _a81-7648-858-5 | ||
| 040 | _cASAB | ||
| 043 | _aln----- | ||
| 050 | 0 | 0 |
_aSH328 _b.H36 |
| 082 | 0 | 0 | _a338.3 |
| 245 | 1 | 0 |
_aEconomics of fisheries : _cP.N. Panday, B.C. Jha, B.K. Gorai. |
| 260 |
_aNew Delhi. _bA.P.H. Publishing Corporation. _c2005. |
||
| 300 |
_a191 p. : _b22 cm. |
||
| 906 |
_a7 _bcbc _corignew _du _encip _f19 _gy-gencatlg |
||
| 942 |
_2ddc _cBK |
||